00760nam a2200193 i 450000100060000000300090000600500170001500700030003200800410003510000320007624501870010826000440029530000210033950000830036060000300044370000320047371000380050585200230054362677ES-MaACL20230906164718.0t|031124s1963 sp |||| | spa d1 aFernández Avello, Manuel.10aAlgo sobre Clarín y sus paliques / cManuel Fernández Avello, discurso leído... en el acto de su solemne recepción académica... contestación de Antonio García Oliveros. aOviedo : b[s.n., c1963] (f"La Cruz") a40 p. ; c25 cm. aPrecede al tít.: Diputación de Asturias, Instituto de Estudios Asturianos.14aAlas, Leopoldod1852-19011 aGarcía Oliveros, Antonio.2 aInstituto de Estudios Asturianos. aES-MaACLj2031-F-3